000 00577nam a2200205 a 4500
001 18881
003 CO-ViMGA
008 141112s2004 ck r 000 u spa d
020 _a9580456437
040 _aCO-ViMGA
_bspa
_cCO-ViMGA
082 0 4 _a863.6 R673e
100 1 _aRosero, Evelio Jose
_92841
245 1 0 _aCuchilla
260 _aBogotá,
_cBarcelona : Norma; 2000
300 _a154 p.
490 0 _aTorre de papel; azul
590 _aForma de adquisición : compra proyecto 2005 - - Precio :
_ 15.480
650 1 4 _aCUENTOS INFANTILES - COLOMBIA
_92842
942 _2ddc
_cBK
999 _c9716
_d9716